| 000 | 00775cam a2200265u 4500 | ||
|---|---|---|---|
| 001 | 27570 | ||
| 003 | BD-RjUL | ||
| 005 | 20211209051155.0 | ||
| 008 | 140325t1933 enkb a 001 0 eng d | ||
| 035 | _a(BD-RjUL)27644 | ||
| 040 |
_aDLC _cCarP _dBD-RjUL _dDLC _beng |
||
| 041 | _aeng | ||
| 082 | 0 | 4 |
_a972.9 _bNEE 1933 |
| 100 | 1 |
_aNewton, Arthur Percival, _d1873-1942. _984680 |
|
| 245 | 1 | 4 | _aThe European nations in the West Indies, 1493-1688 / |
| 260 |
_aLondon : _bA. & C. Black, _c1933. |
||
| 300 |
_axviii, 356 p. : _bill. ; _c23 cm. |
||
| 504 | _aincludes index. | ||
| 650 | 0 |
_aBuccaneers. _915052 |
|
| 651 | 0 |
_aWest Indies _xHistory. [from old catalog] _984681 |
|
| 942 |
_2ddc _cBK |
||
| 999 |
_c27570 _d27570 |
||